Biggest U.S. cities by longitude Quiz Stats

 Plays Quiz not verified by Sporcle

Challenge
Share
Tweet
Embed
Score 0/58 Timer 12:00
0 Plays Today
Longitude City % Correct
74�-75� WNew York
98.1%
75�-76� WPhiladelphia
94.3%
71�-72� WBoston
94.3%
118�-119� WLos Angeles
88.7%
87�-88� WChicago
86.8%
95�-96� WHouston
84.9%
96�-97� WDallas
84.9%
76�-77� WBaltimore
84%
77�-78� WWashington
83%
112�-113� WPhoenix
83%
98�-99� WSan Antonio
82.1%
117�-118� WSan Diego
82.1%
97�-98� WAustin
74.5%
83�-84� WDetroit
73.6%
104�-105� WDenver
73.6%
122�-123� WSan Francisco
70.8%
86�-87� WIndianapolis
68.9%
82�-83� WColumbus
67.9%
115�-116� WLas Vegas
67%
121�-122� WSan Jose
66%
89�-90� WMemphis
65.1%
81�-82� WJacksonville
64.2%
80�-81� WCharlotte
62.3%
94�-95� WKansas City
59.4%
84�-85� WAtlanta
57.5%
90�-91� WSt Louis
56.6%
85�-86� WLouisville
55.7%
110�-111� WTucson
54.7%
68�-69� WBangor
53.8%
Longitude City % Correct
78�-79� WRaleigh
51.9%
106�-107� WEl Paso
51.9%
93�-94� WMinneapolis
50.9%
72�-73� WSpringfield
47.2%
119�-120� WFresno
45.3%
111�-112� WMesa
43.4%
79�-80� WGreensboro
34.9%
91�-92� WBaton Rouge
32.1%
92�-93� WLittle Rock
31.1%
116�-117� WBoise
31.1%
73�-74� WYonkers
29.2%
123�-124� WEugene
29.2%
101�-102� WLubbock
28.3%
99�-100� WLaredo
26.4%
120�-121� WModesto
25.5%
108�-109� WBillings
20.8%
88�-89� WMobile
17.9%
114�-115� WYuma
17.9%
102�-103� WMidland
17%
70�-71� WLynn
16%
67-68 WCaribou
15.1%
100�-101� WSan Angelo
14.2%
124�-125� WEureka
14.2%
105�-106� WLakewood
11.3%
103�-104� WRapid City
10.4%
113�-114� WSt George
10.4%
69�-70� WBrunswick
5.7%
107�-108� WMontrose
2.8%
109�-110� WRock Springs
1.9%

You're not logged in!

Compare scores with friends on all Sporcle quizzes.
Join for Free
OR
Log In

You Might Also Like...

Show Comments

Extras

Top Quizzes Today


Score Distribution

Your Account Isn't Verified!

In order to create a playlist on Sporcle, you need to verify the email address you used during registration. Go to your Sporcle Settings to finish the process.

Report this User

Report this user for behavior that violates our Community Guidelines.

Details: